[Event "Cambridge op"]
[Site "Cambridge"]
[Date "2023.02.16"]
[Round "4"]
[White "Czopor, Maciej"]
[Black "Bradbury, Neil H"]
[Result "1-0"]
[WhiteElo "2412"]
[BlackElo "2200"]
[PlyCount "85"]
[EventDate "2023.02.15"]
[EventType "swiss"]
[EventRounds "9"]
[EventCountry "ENG"]
[SourceTitle "CBM 212 Extra"]
[Source "ChessBase"]
[SourceDate "2023.03.31"]
[SourceVersion "1"]
[SourceVersionDate "2023.03.31"]
[SourceQuality "1"]

1. e4 c6 2. d4 d5 3. e5 Bf5 4. Nf3 e6 5. Be2 c5 6. Be3 Nc6 7. dxc5 Nh6 8. c3 Bg4 9. Nd4 Bxe2 10. Qxe2 Qd7 11. b4 Nf5 12. Nxf5 exf5 13. 0-0 Be7 14. Bd4 b6 15. Qe3 bxc5 16. Bxc5 0-0 17. Rd1 f4 18. Qxf4 Bxc5 19. bxc5 f6 20. e6 Qxe6 21. Nd2 Qe7 22. Nb3 Rfe8 23. h3 Rad8 24. Rd2 Qe5 25. Qa4 Qc7 26. Rad1 Re4 27. Qa6 Rde8 28. g3 Ne7 29. Kg2 Kf7 30. Rd4 Re6 31. Qd3 g6 32. c4 dxc4 33. Qxc4 Qc6+ 34. Kg1 Nf5 35. Na5 Qf3 36. R4d3 Ne3 37. fxe3 Qxg3+ 38. Kf1 Kf8 39. Qg4 Qc7 40. Nb3 f5 41. Qf4 Qb7 42. Kf2 Re4 43. Qh6+ 1-0

[Event "BCF-chT2 2223 (4NCL)"]
[Site "England"]
[Date "2022.10.22"]
[Round "1.13"]
[White "Bradbury, Neil H"]
[Black "Coathup, Roger"]
[Result "1-0"]
[WhiteElo "2201"]
[BlackElo "2137"]
[PlyCount "99"]
[EventDate "2022.10.22"]
[EventType "team-tourn"]
[EventRounds "11"]
[EventCountry "ENG"]
[SourceTitle "EXT 2024"]
[Source "ChessBase"]
[SourceDate "2023.10.10"]
[SourceVersion "1"]
[SourceVersionDate "2023.10.10"]
[SourceQuality "1"]
[WhiteTeam "The ADS"]
[BlackTeam "North East England"]
[WhiteTeamCountry "ENG"]
[BlackTeamCountry "ENG"]

1. d4 Nf6 2. c4 g6 3. g3 Bg7 4. Bg2 0-0 5. Nf3 d6 6. 0-0 c6 7. Nc3 Bf5 8. Nh4 Be6 9. d5 cxd5 10. cxd5 Bd7 11. Be3 Qa5 12. a3 Rc8 13. Rc1 b5 14. Qd2 Na6 15. h3 Rc4 16. Nf3 Rac8 17. Nd4 b4 18. axb4 Qxb4 19. Ra1 Nc5 20. Rxa7 Ne8 21. Nc6 Bxc6 22. dxc6 e6 23. Bxc5 Qxc5 24. Rfa1 d5 25. Ra8 Qxc6 26. Nxd5 exd5 27. Bxd5 Qd7 28. Bxc4 Qxd2 29. Rxc8 Qxb2 30. Rxe8+ Bf8 31. Rea8 Qc2 32. Rc8 Kg7 33. Ra7 Bd6 34. Rxf7+ Kh6 35. Rxh7+ Kg5 36. h4+ Kf6 37. Rf7+ Ke5 38. Re8+ Kd4 39. Bd3 Qc1+ 40. Kg2 g5 41. hxg5 Qxg5 42. Rf5 Qg7 43. Be4 Qd7 44. Rd5+ Kc4 45. Ra8 Qe7 46. Bf3 Bb4 47. Rc8+ Kb3 48. Rb5 Ka4 49. Rb7 Qf6 50. Rc4 1-0

[Event "GBR-ch 108th"]
[Site "Torquay"]
[Date "2022.08.21"]
[Round "9"]
[White "Bradbury, Neil H"]
[Black "Villiers, Thomas"]
[Result "1/2-1/2"]
[WhiteElo "2211"]
[BlackElo "2170"]
[PlyCount "206"]
[EventDate "2022.08.13"]
[EventType "swiss"]
[EventRounds "9"]
[EventCountry "ENG"]
[SourceTitle "CBM 209 Extra"]
[Source "ChessBase"]
[SourceDate "2022.09.30"]
[SourceVersion "1"]
[SourceVersionDate "2022.09.30"]
[SourceQuality "1"]

1. d4 d5 2. c4 e6 3. Nf3 c5 4. cxd5 exd5 5. g3 Nc6 6. Bg2 Nf6 7. 0-0 Be7 8. dxc5 Bxc5 9. Bg5 0-0 10. Nc3 d4 11. Bxf6 Qxf6 12. Nd5 Qd8 13. Nd2 Re8 14. Rc1 Bb6 15. Nc4 Be6 16. Nf4 Bc7 17. Nxe6 Rxe6 18. a3 Qe7 19. b4 a6 20. Rc2 Rd8 21. Rd2 b5 22. Nb2 Bb6 23. Nd3 Ne5 24. Nxe5 Rxe5 25. Bf3 h5 26. Rd3 h4 27. Qd2 hxg3 28. hxg3 Rd6 29. Kg2 Rh6 30. Rh1 Rxh1 31. Kxh1 Re6 32. Kg2 Rh6 33. Qf4 Qd6 34. Qe4 Qb8 35. Bg4 Rf6 36. Bf3 Qc8 37. Rd1 Rh6 38. Kg1 Re6 39. Qd3 Qc3 40. Qxc3 dxc3 41. Rd3 a5 42. Rxc3 axb4 43. axb4 Rd6 44. Rc8+ Rd8 45. Rc3 Kf8 46. e3 Rb8 47. Be2 Bd8 48. Kg2 Be7 49. Rb3 g6 50. f4 Ra8 51. Bxb5 Rb8 52. Bc6 Rxb4 53. Rd3 Rc4 54. Bd5 Rc7 55. Rb3 Bf6 56. Kf3 Ke7 57. Kg4 Kf8 58. e4 Bc3 59. e5 Kg7 60. Rb6 Bd4 61. Ra6 Rd7 62. Be4 Ra7 63. Rd6 Bc5 64. Rc6 Be7 65. Bd3 Bd8 66. Kf3 Re7 67. Ra6 g5 68. Kg4 gxf4 69. gxf4 Rb7 70. Kf5 Be7 71. Be4 Rc7 72. Bc6 Bc5 73. Bd5 Rd7 74. Ke4 Rc7 75. f5 Ra7 76. Rc6 Ra4+ 77. Kf3 Bd4 78. e6 fxe6 79. fxe6 Ra7 80. Ke4 Bf6 81. Kf5 Be7 82. Rc2 Kh7 83. Ke5 Kg7 84. Rg2+ Kh6 85. Be4 Ra5+ 86. Bd5 Ra7 87. Rg8 Kh7 88. Rb8 Kg7 89. Rb3 Kh6 90. Rf3 Bh4 91. Rh3 Kg5 92. Rf3 Kg4 93. Rf4+ Kg3 94. Rf8 Rg7 95. Rf3+ Kg4 96. Rf1 Ra7 97. Rg1+ Kh5 98. Rg8 Be1 99. Kf5 Kh6 100. Rg1 Bc3 101. Rg3 Bb4 102. Rg6+ Kh7 103. Rg3 Be7 1/2-1/2

[Event "GBR-ch 108th"]
[Site "Torquay"]
[Date "2022.08.13"]
[Round "1"]
[White "Bradbury, Neil H"]
[Black "Hebden, Mark"]
[Result "1/2-1/2"]
[WhiteElo "2211"]
[BlackElo "2476"]
[PlyCount "91"]
[EventDate "2022.08.13"]
[EventType "swiss"]
[EventRounds "9"]
[EventCountry "ENG"]
[SourceTitle "CBM 209 Extra"]
[Source "ChessBase"]
[SourceDate "2022.09.30"]
[SourceVersion "1"]
[SourceVersionDate "2022.09.30"]
[SourceQuality "1"]

1. d4 Nf6 2. Nf3 g6 3. c4 Bg7 4. Nc3 0-0 5. e4 d6 6. Be2 e5 7. 0-0 Na6 8. Be3 c6 9. d5 Ng4 10. Bg5 f6 11. Bd2 f5 12. h3 Nf6 13. Bg5 h6 14. Bxf6 Qxf6 15. a3 c5 16. Rb1 Bd7 17. b4 b6 18. Bd3 h5 19. Bc2 Bh6 20. Ba4 Qe7 21. Bxd7 Qxd7 22. exf5 gxf5 23. Nh4 Qf7 24. Nb5 Rad8 25. Rb3 Kh8 26. Rg3 Rg8 27. Qf3 f4 28. Rxg8+ Kxg8 29. Qe4 cxb4 30. axb4 Nxb4 31. Nf5 Bf8 32. g4 Na6 33. Ra1 Nc5 34. Qg2 a6 35. Nc3 hxg4 36. Qxg4+ Kh7 37. Kh2 Qf6 38. Rg1 Bh6 39. Qh5 Rf8 40. Ne7 f3 41. Kh1 e4 42. Rg6 Qf4 43. Rg4 Qf7 44. Rg6 Qf4 45. Rg4 Qf7 46. Rg6 1/2-1/2

[Event "Newcastle Forest Hall 2nd"]
[Site "Newcastle on Tyne"]
[Date "2021.12.21"]
[Round "8"]
[White "Claridge Hansen, William"]
[Black "Bradbury, Neil H"]
[Result "1-0"]
[WhiteElo "2296"]
[BlackElo "2241"]
[PlyCount "129"]
[EventDate "2021.12.17"]
[EventType "tourn"]
[EventRounds "9"]
[EventCountry "ENG"]
[EventCategory "4"]
[SourceTitle "CBM 205 Extra"]
[Source "ChessBase"]
[SourceDate "2022.01.31"]
[SourceVersion "1"]
[SourceVersionDate "2022.01.31"]
[SourceQuality "1"]

1. d4 Nf6 2. Bg5 d5 3. Bxf6 exf6 4. e3 Bd6 5. g3 0-0 6. Bg2 c6 7. Ne2 Nd7 8. 0-0 f5 9. b3 Nf6 10. c4 Be6 11. Qd3 g6 12. Nbc3 Qa5 13. c5 Be7 14. a3 Qd8 15. b4 b6 16. cxb6 axb6 17. b5 cxb5 18. Nxb5 Ra5 19. Rfc1 Qd7 20. Rc7 Qxb5 21. Qxb5 Rxb5 22. Rxe7 Rc8 23. Nf4 Kf8 24. Rb7 Rc2 25. Bf1 Rbb2 26. Nd3 Ra2 27. Rxa2 Rxa2 28. Rxb6 Rxa3 29. Rb2 Ne4 30. Kg2 Ra7 31. Ne5 Rc7 32. Bd3 Nd6 33. Rb6 Nc4 34. Rb8+ Ke7 35. Nf3 h6 36. Rh8 Kf6 37. Ra8 Rb7 38. Ra2 Rb3 39. Ne1 g5 40. Bc2 Rb2 41. Rxb2 Nxb2 42. f4 Nc4 43. Kf2 g4 44. Bb3 Nd2 45. Ba2 Ne4+ 46. Kg2 Ke7 47. Nd3 Kd6 48. Ne5 f6 49. Ng6 Bd7 50. Bb1 Be8 51. Nh4 Bd7 52. Bxe4 fxe4 53. Kf2 Bc8 54. Ke2 Bd7 55. Kd2 Bc8 56. Kc3 Bd7 57. Kb4 h5 58. Ka5 Kc7 59. Ka6 Bc8+ 60. Kb5 Kd6 61. Kb6 Bd7 62. Ng2 Be6 63. Ne1 Bd7 64. Nc2 Ba4 65. Na3 1-0

[Event "Newcastle Forest Hall 2nd"]
[Site "Newcastle on Tyne"]
[Date "2021.12.17"]
[Round "1"]
[White "Eggleston, David"]
[Black "Bradbury, Neil H"]
[Result "1-0"]
[WhiteElo "2349"]
[BlackElo "2241"]
[PlyCount "73"]
[EventDate "2021.12.17"]
[EventType "tourn"]
[EventRounds "9"]
[EventCountry "ENG"]
[EventCategory "4"]
[SourceTitle "CBM 205 Extra"]
[Source "ChessBase"]
[SourceDate "2022.01.31"]
[SourceVersion "1"]
[SourceVersionDate "2022.01.31"]
[SourceQuality "1"]

1. e4 c5 2. Nf3 e6 3. d4 cxd4 4. Nxd4 Nc6 5. Nc3 Qc7 6. Be3 a6 7. Qd2 Nf6 8. f3 Be7 9. 0-0-0 0-0 10. g4 b5 11. g5 Nh5 12. Kb1 Bb7 13. Nxc6 Bxc6 14. Bh3 g6 15. Bg4 Ng7 16. Nd5 exd5 17. exd5 Bb7 18. d6 Bxd6 19. Qxd6 Qxd6 20. Rxd6 Rfe8 21. Rxd7 Bc8 22. Rd3 Nf5 23. Bf4 Be6 24. b3 a5 25. Re1 a4 26. Re5 b4 27. Re4 a3 28. Rxb4 Ng7 29. Bc1 Bxg4 30. Rxg4 Re1 31. Re4 Rh1 32. b4 Ne6 33. h4 Nc7 34. c4 Rb8 35. c5 Nb5 36. c6 Nc7 37. Rd7 1-0

[Event "Newcastle Northumbria Masters"]
[Site "Newcastle on Tyne"]
[Date "2021.08.30"]
[Round "8"]
[White "Arkell, Keith C"]
[Black "Bradbury, Neil H"]
[Result "1-0"]
[WhiteElo "2382"]
[BlackElo "2297"]
[PlyCount "103"]
[EventDate "2021.08.26"]
[EventType "swiss"]
[EventRounds "9"]
[EventCountry "ENG"]
[SourceTitle "CBM 204 Extra"]
[Source "ChessBase"]
[SourceDate "2021.11.30"]
[SourceVersion "1"]
[SourceVersionDate "2021.11.30"]
[SourceQuality "1"]

1. c4 Nf6 2. Nc3 e6 3. Nf3 Bb4 4. g3 b6 5. Bg2 Bb7 6. 0-0 0-0 7. d3 d5 8. cxd5 exd5 9. a3 Be7 10. b4 Nbd7 11. Bf4 a5 12. b5 Nc5 13. Nd4 Ne6 14. Nxe6 fxe6 15. d4 Bd6 16. e3 Qe7 17. a4 Rad8 18. Rc1 Rc8 19. Qe2 Bb4 20. Rc2 c5 21. bxc6 Rxc6 22. Rfc1 Bxc3 23. Rxc3 Rfc8 24. Rxc6 Rxc6 25. Rb1 Bc8 26. Bg5 Bd7 27. Qa6 Qa3 28. Bxf6 gxf6 29. Bf1 Qxa4 30. Qb7 Bc8 31. Qe7 Qc2 32. Re1 Qg6 33. Bb5 Rc2 34. Qd8+ Kg7 35. Be8 Qg5 36. h4 Qg4 37. h5 Qg5 38. Ba4 Rc4 39. Bb5 Rc3 40. Kg2 Kh6 41. Qxb6 Ra3 42. Qc5 Rb3 43. Ba4 Rb4 44. Qxa5 Rc4 45. Bb5 Rc2 46. Bd3 Rc6 47. Qa8 Rc3 48. Ra1 Bd7 49. Ra7 Rc8 50. Qb7 Rd8 51. Bb5 Qf5 52. Bxd7 1-0